| 000 | 00000nam##2200000za#4500 |
| 001 | 9.579050 |
| 003 | CaOODSP |
| 005 | 20230131161133 |
| 007 | cr ||||||||||| |
| 008 | 150406|2003||||xxc|||||o f|0| 0 eng|d |
| 040 | |aCaOODSP|beng |
| 043 | |an-cn--- |
| 086 | 1 |aM48-2023AE-PDF |
| 110 | 2 |aGeological Survey of Canada. |
| 245 | 10|aGeology, Wijinnedi Lake area, Northwest Territories / |h[electronic resource]|cgeological compilation by J.B. Henderson. |
| 255 | |aScale 1:50,000 |
| 260 | |aOttawa - Ontario : |bNatural Resources Canada. |cc2003. |
| 300 | |a1p.|bcoloured map |
| 490 | 1 |a"A" series map|v2023A |
| 500 | |aIncludes descriptive notes. Accompanies Bulletin 576, "Geology of the Wijinnedi Lake area, Northwest Territories" (see Cat. number M42-576E-PDF). |
| 590 | |a14-05-Supp|b2014-02-26 |
| 720 | 1 |aHenderson, J. B. |
| 776 | 0#|tGeology, Wijinnedi Lake Area, Northwest Territories / |w(CaOODSP)9.616645 |
| 830 | #0|aGeological Survey of Canada, "A" series map ;|v2023A|w(CaOODSP)9.507196 |
| 856 | 40|ahttp://publications.gc.ca|qPDF|s8.04 MB|uhttps://publications.gc.ca/Collection-R/GSC-CGC/M42E/576/2023A.pdf|y2023A |